00636nam a2200193 a 450000100100000000500170001000800410002702000150006804000250008308200150010810000270012324500510015026000320020130000360023349000180026983000250028795201130031299900170042500004237720201002040121.0131127s1981 sp abc 000 0 spa d a8432035742 aDO-SdBNPbspacBNPHU axxxbM522a1 aMelià, Josep,96946610aAsí cayó Adolfo Suárez /cJosep Melià. aEspaña :bPlaneta,c1981. a187 p. :bil., retrs. ;c20 cm.1 aDocumentov39 0aDocumenton39969467 001050718MOaGRbGRcCTd2013-11-27iLF1l0oxxx M522ap42377-10r2020-06-25w2020-06-25y1ZNo se presta c41866d41866